000 00410nam a22001817a 4500
003 OSt
005 20210913152733.0
008 210913b |||||||| |||| 00| 0 eng d
020 _a0240514599
040 _cHU
082 _24th
_a070.1/hod
100 _af w hodjson
_93184
245 _amodern newspaper practice
250 _a4th
260 _abritain
_bhall
_c1993
300 _a225
942 _2ddc
_cBOOKS
_n0
999 _c3420
_d3420